Foundations of Pentecostal theology. (Record no. 866)

000 -LEADER
fixed length control field 00860nam a2200229 a 4500
001 - CONTROL NUMBER
control field :::00014045$&:&@@
003 - CONTROL NUMBER IDENTIFIER
control field OkBaRHE
005 - DATE AND TIME OF LATEST TRANSACTION
control field 20110325114643.0
008 - FIXED-LENGTH DATA ELEMENTS--GENERAL INFORMATION
fixed length control field s1983 j 000 0 eng u
040 ## - CATALOGING SOURCE
Transcribing agency
100 1# - MAIN ENTRY--PERSONAL NAME
Personal name Duffield, Guy P., 1909-
245 10 - TITLE STATEMENT
Title Foundations of Pentecostal theology.
260 ## - PUBLICATION, DISTRIBUTION, ETC. (IMPRINT)
Place of publication, distribution, etc Los Angeles, CA., :
Name of publisher, distributor, etc L.I.F.E. Bible College
Date of publication, distribution, etc 1983
300 ## - PHYSICAL DESCRIPTION
Extent xxviii, 624 p. ;
Dimensions 24 cm.
650 ## - SUBJECT ADDED ENTRY--TOPICAL TERM
Topical term or geographic name as entry element Pentecostal Churches
General subdivision Doctrines
650 ## - SUBJECT ADDED ENTRY--TOPICAL TERM
Topical term or geographic name as entry element Pentecostalism
650 ## - SUBJECT ADDED ENTRY--TOPICAL TERM
Topical term or geographic name as entry element Theology, Doctrinal
700 ## - ADDED ENTRY--PERSONAL NAME
Personal name Van Cleave, Nathaniel M., 1907- , Joint author.
942 ## - ADDED ENTRY ELEMENTS (KOHA)
Source of classification or shelving scheme
Koha item type Books
Copies
Permanent Location Current Location Source of classification or shelving scheme Koha item type Full call number Copy number Withdrawn status Date acquired Collection code Lost status Shelving location Date last seen Price effective from Not for loan Damaged status Barcode
RHEMA Bible Training College  BooksBX 8762 .Z5 D842 2010-04-14Reference General Stacks2010-04-142010-04-14  18235
RHEMA Bible Training CollegeRHEMA Bible Training College BooksBX 8762 .Z5 D841 2010-04-14Reference General Stacks2011-03-252010-04-14  14045